| 000 | 00825cam a2200265 4500 | ||
|---|---|---|---|
| 001 | 10825 | ||
| 003 | BD-RjUL | ||
| 005 | 20211208235025.0 | ||
| 008 | 140125s1970 ne ab b 001 0 eng | ||
| 020 | _a0444407057 | ||
| 035 | _a(BD-RjUL)10874 | ||
| 040 |
_aDLC _cDLC _dBD-RjUL _beng |
||
| 041 | _aeng | ||
| 082 | 0 | 0 |
_a551.694 _bCLI 1970 |
| 245 | 0 | 0 |
_aClimates of northern and western Europe / _cedited by C. C. Wallén. |
| 260 |
_aAmsterdam ; _aNew York : _bElsevier Pub. Co., _cc1970. |
||
| 300 |
_ax, 253 p. : _billus., maps. ; _c30 cm. |
||
| 504 | _aIncludes bibliographies and index. | ||
| 651 | 0 |
_aEurope _xClimate. _932704 |
|
| 700 | 1 |
_aWallén, C. C. _q(Carl Christian) _933470 |
|
| 942 |
_2ddc _cBK |
||
| 999 |
_c10825 _d10825 |
||